Las herramientas de la ciencia social /

Spremljeno u:
Bibliografski detalji
Glavni autor: Madge, John (autor)
Daljnji autori: Masullo, Eduardo (traducción) (traducción)
Format: Knjiga
Jezik:španjolski
Izdano: Buenos Aires, Argentina : Paidós, 1969, c1969
Oznake: Dodaj oznaku
Bez oznaka, Budi prvi tko označuje ovaj zapis!

MARC

LEADER 00000nam^a2200000^a^4500
001 000628324
005 20260218000000.0
009 20260310134111.673
037 |a Acervo Xavier Clavigero 
041 |a ESP 
091 |a FHG. 01375 
100 |a Madge, John  |e (autor) 
245 1 4 |a Las herramientas de la ciencia social / 
264 4 |a Buenos Aires, Argentina :  |b Paidós,  |c 1969, c1969 
300 |a 290 p. 
336 |a texto  |b txt  |2 rdacontenido 
337 |a sin mediación  |b n  |2 rdamedio 
338 |a volumen  |b nc  |2 rdasoporte 
649 |a XX 
700 |a Masullo, Eduardo  |e (traducción) 
910 |a Fondo Humberto García Bedoy S.J. 
920 |a Impresos - Libros 
930 |a Fondos Especiales 
905 |a 148 
901 |a 628324-10  |b IT2  |c ESP  |i D  |u 20260218 
902 |a https://opac.biblio.iteso.mx/vufind/Record/000628324